000 01186naa a22003257a 4500
001 BR7907134
003 BR-BrBNA
005 20240918174458.0
007 ta
008 230509b bl.||||| |||| 00| 0 por d
040 _aBR-BrBNA
_bpor
_cBiblioteca Nacional de Agricultura
041 _a(Pt)
072 _aS10
_b0150
_b3710
_bG514
090 _aS10 BR7907134
100 1 _aReginatto, M.P.V.
111 1 _a9. Reuniao da Cultura do Arroz Irrigado
_cPelotas, RS (Brazil)
_d10 Sep 1979
245 1 _aCaracteristicas de qualidade de cultivares de arroz no Rio Grande do Sul [Arroz irrigado; Oryza sativa; Amilose; Brasil]
260 3 _aPorto Alegre, RS (Brasil):
_c1979.
500 _aAnais da 9. Reuniao da Cultura do Arroz Irrigado Porto Alegre, RS (Brasil): 1979. p. 169-171 (BR7907134-AM)S10
650 _aQUALIDADE
650 _aGRAO
650 _aARROZ IRRIGADO
650 _aCONTROLE DE QUALIDADE
650 _aVARIEDADE
650 _aAMILOSE
650 _aRIO GRANDE DO SUL
773 0 _tAnais da 9. Reuniao da Cultura do Arroz Irrigado
_wS10 BR7907134
_gPorto Alegre, RS (Brasil), 1979. p. 169-171
909 _a202404
_bLucia
_c55
_dLucia Elande
942 _cAM
_2AGRIS
999 _c311523
_d311523